Enid Blyton Secret Seven Members - Statistics

General Stats
  • This quiz has been taken 52 times
  • The average score is 5 of 7
Answer Stats
Answer % Correct
Peter
90%
Janet
79%
Colin
73%
Barbara
71%
George
71%
Jack
71%
Pam
71%
No matching quizzes found
Score Distribution
Percent of People with Each Score
Percentile by Number Answered
Your Score History
You have not taken this quiz